| 000 | 00000nam 2200000zi 4500 |
| 001 | 9.942778 |
| 003 | CaOODSP |
| 005 | 20250110150742 |
| 006 | m o d f |
| 007 | cr |n||||||||| |
| 008 | 240415e197403##qucdab ob f|0| 0 fre d |
| 040 | |aCaOODSP|bfre|erda|cCaOODSP |
| 043 | |an-cn-qu |
| 086 | 1 |aCW66-1541/1974F-PDF |
| 100 | 1 |aReed, Austin, |eauteur. |
| 245 | 10|aÉtudes sur l'effet du broutage par les bernaches et par les oies sur les rendements agricoles dans la vallée du Saint-Laurent, Québec, printemps 1973 / |cAustin Reed. |
| 264 | 1|aSainte-Foy, Québec : |bService canadien de la faune, |cmars 1974. |
| 300 | |a1 ressource en ligne (19 pages) : |bcartes, graphiques, illustrations |
| 336 | |atexte|btxt|2rdacontent/fre |
| 337 | |ainformatique|bc|2rdamedia/fre |
| 338 | |aressource en ligne|bcr|2rdacarrier/fre |
| 500 | |aÉdition numérisée de l’imprimé [par Environnement et changement climatique Canada]. |
| 504 | |aComprend des références bibliographiques. |
| 650 | 6|aBernache du Canada|zSaint-Laurent, Vallée du. |
| 650 | 6|aOies|xMigration. |
| 650 | 6|aOiseaux nuisibles|zSaint-Laurent, Vallée du. |
| 650 | 6|aÉcologie agricole|zSaint-Laurent, Vallée du. |
| 650 | 0|aCanada goose|zSaint Lawrence River Valley. |
| 650 | 0|aGeese|xMigration. |
| 650 | 0|aBird pests|zSaint Lawrence River Valley. |
| 650 | 0|aAgricultural ecology|zSaint Lawrence River Valley. |
| 710 | 2 |aService canadien de la faune, |eorganisme de publication. |
| 856 | 40|qPDF|s2.99 Mo|uhttps://publications.gc.ca/collections/collection_2025/eccc/cw66/CW66-1541-1974-fra.pdf |